PSYCHOSOCIAL interventions in mental health nursing

Saved in:
Bibliographic Details
Format: Book
Language:English
Published: Sage 2015
Tags: Add Tag
No Tags, Be the first to tag this record!

MARC

LEADER 00000nam a22000007a 4500
008 210122b ||||| |||| 00| 0 eng d
020 |a 978-1-4462-7508-5 
245 |a PSYCHOSOCIAL interventions in mental health nursing  |c Sandia Walker  |e (Transforming nursing practice).  |g ix, 161p.: ill. 
250 |c Sandia Walker 
260 |b Sage  |c 2015  |h Los Angeles: SAGE,   |i 693319  |i 693320   |l RC440 .P95  |m Psychiatric nursing.  |m Nursing – Social aspects.  |m Mental illness – Treatment. 
500 |a “It includes references and index”. 
942 |a lcc  |c BK  |e Adeniran, F. A  |f 22/01/2021 
952 |0 0  |1 0  |2 lcc  |4 0  |6 RC0440 P95  |7 0  |9 1613  |a HOL  |b HE  |c QZ  |d 2021-01-22  |l 0  |o RC440 .P95  |p 2021-0401  |r 2021-01-22 00:00:00  |w 2021-01-22  |y BK 
952 |0 0  |1 0  |2 lcc  |4 0  |6 RC0440 P95  |7 0  |9 1614  |a HOL  |b HOL  |c QZ  |d 2021-01-22  |l 0  |o RC440 .P95  |p 2021-0402  |r 2021-01-22 00:00:00  |w 2021-01-22  |y BK 
999 |c 855  |d 855